| 000 | 00431nam a2200145Ia 4500 | ||
|---|---|---|---|
| 008 | 220214s9999 xx 000 0 und d | ||
| 022 | _a0166-8595 | ||
| 245 | 0 | _aPHOTOSYNTHESIS RESEARCH | |
| 260 | _bKluwer Academic Publishers, Amsterdam, The Netherlands | ||
| 310 | _a4vy | ||
| 500 | _aEnding Volume & Year: 65, 2000 | ||
| 500 | _aMissing Volume: 5;7(4);9(3-4);19-22 | ||
| 500 | _aStarting Volume & Year: 1, 1980 | ||
| 942 | _cBJ | ||
| 999 |
_c18742 _d18742 |
||